| 000 | 01000nam a22002777a 4500 | ||
|---|---|---|---|
| 005 | 19970904051429.3 | ||
| 008 | 970904m19271929ii a 001 0aeng | ||
| 010 | _aENG-95751 | ||
| 020 |
_a9788179929681 _c295.00 |
||
| 035 | _aEN-79284 | ||
| 037 | _aDBAD/PUB | ||
| 040 | _aDPL | ||
| 082 | _a610.696 | ||
| 100 | _aDrake, Elizabeth | ||
| 245 |
_a51 questions to ask your doctor : _c by Elizabeth Drake _btake control of your health |
||
| 246 | _aFifty one questions to ask your doctor | ||
| 260 |
_aMumbai _bJaico Publishing House _c2009 |
||
| 270 |
_aA-2, Jash chambers, Fort _bMumbai _e400001 |
||
| 300 |
_ax ,214p. ; _c22 cm.(Pbk) |
||
| 500 | _aIncludes index | ||
| 650 | _aPhysician and patient | ||
| 650 | _aSelf-care, Health | ||
| 942 |
_2ddc _cEN _mDRA _h610.696 |
||
| 999 |
_c33492 _d33492 |
||